| 000 | 00454nam a2200181Ia 4500 | ||
|---|---|---|---|
| 001 | 11879 | ||
| 005 | 20260306162900.0 | ||
| 008 | 260306t1997||||xx |||||||||||||| ||spa|| | ||
| 041 | _aESP | ||
| 082 |
_aHR 200 _bNº 4 1997 RAAA |
||
| 110 | _aArchivo Arzobispal de Arequipa | ||
| 245 | 0 | _aRevista Archivo Arzobispal de Arequipa | |
| 260 | _c1997 | ||
| 300 |
_a266 páginas : _c21 cm. |
||
| 650 | _aGEN | ||
| 654 | _aCHU | ||
| 942 |
_cREV _dJUS _fJUS _2ddc _n |
||
| 999 |
_c11879 _d11879 |
||